Toward a bright future? Prohibition, legalization, and harm reduction in 2025 (notice n° 1834348)

détails MARC
000 -LEADER
fixed length control field 01633cam a2200157 4500500
005 - DATE AND TIME OF LATEST TRANSACTION
control field 20260329004501.0
041 ## - LANGUAGE CODE
Language code of text/sound track or separate title fre
042 ## - AUTHENTICATION CODE
Authentication code dc
100 10 - MAIN ENTRY--PERSONAL NAME
Personal name Lebeau, Bertrand
Relator term author
245 00 - TITLE STATEMENT
Title Toward a bright future? Prohibition, legalization, and harm reduction in 2025
260 ## - PUBLICATION, DISTRIBUTION, ETC.
Date of publication, distribution, etc. 2026.<br/>
500 ## - GENERAL NOTE
General note 38
520 ## - SUMMARY, ETC.
Summary, etc. Abstract: In France, in the early 1990s, harm reduction activists were prudent about drug prohibition. They were opposed to the penalization of simple use because it represents an obstacle to prevention and care. Faced with the specialized care system, which explained that nothing could be done because of the law of 1970, they fought for needle exchange programs, substitution treatments, and access to care for drug users, especially injecting drug users with HIV. Now, in 2025, faced with the violence and corrupting ability of criminal organizations, the French government argues that drug users are the real problem: No drug users, no trafficking! Therefore, we must explain that drug users have no other choice than the black market, and we must fight for a radical change in drug policy. At a time when cannabis prohibition has been abandoned by several nations, we must continue to move forward. Coca leaf should be removed from the 1961 Convention. This would be a second step toward a policy inspired by harm reduction, public safety, and human rights, far from punitive prohibition. This is the new frontier.
786 0# - DATA SOURCE ENTRY
Note Psychotropes | 32 | 1-2 | 2026-03-16 | p. 141-157 | 1245-2092
856 41 - ELECTRONIC LOCATION AND ACCESS
Uniform Resource Identifier <a href="https://shs.cairn.info/journal-psychotropes-2026-1-2-page-141?lang=en&redirect-ssocas=7080">https://shs.cairn.info/journal-psychotropes-2026-1-2-page-141?lang=en&redirect-ssocas=7080</a>

Pas d'exemplaire disponible.

PLUDOC

PLUDOC est la plateforme unique et centralisée de gestion des bibliothèques physiques et numériques de Guinée administré par le CEDUST. Elle est la plus grande base de données de ressources documentaires pour les Étudiants, Enseignants chercheurs et Chercheurs de Guinée.

Adresse

627 919 101/664 919 101

25 boulevard du commerce
Kaloum, Conakry, Guinée

Réseaux sociaux

Powered by Netsen Group @ 2025